01243 a2200217 4500003000500000005001700005010001700022020002800039040000900067082001300076100002700089245018900116260003300305300003600338440004300374505050200417538003000919650003400949700002000983700002201003Nust20170207152510.0 a 2005045267 a1580536107 (alk. paper) cNust00a621.38221 aManolakis, Dimitris G.10aStatistical and adaptive signal processing :bspectral estimation, signal modeling, adaptive filtering, and array processing /cDimitris G. Manolakis, Vinay K. Ingle, Stephen M. Kogon. aBoston :bMcGraw hillc2005. axviii, 796 p. :bill. ;c26 cm. 0aArtech House signal processing library aIntroduction (Page ), Fundamentals Of Discrete-Time Signal Processing (Page 33 ), Random Variables, Vectors And Sequences (Page 75 ), Linear Signal Models (Page 149 ), Nonparametric Power Spectrum Estimation (Page 195 ).Optimum Linear Filters (Page 261 ), Algorithms And Structures For Optimum Linear Filters (Page 333), Least-Squares Filtering And Prediction (Page 395), Signal Modeling And Parametric Spectral Estimation (Page 445).Adaptive Filters (Page 499 ), Array Processing (Page 621). a Almirah No 26 Shelf No 3 0aTelecommunication engineering1 aIngle, Vinay K.1 aKogon, Stephen M.